[Event "LIII C.to Torinese Assoluto"]
[Site "Torino ITA"]
[Date "2008.10.30"]
[Round "2"]
[White "Fassio, Luca"]
[Black "Nardelli, Marco"]
[WhiteElo "2081"]
[BlackElo "2132"]
[Result "1-0"]
[PlyCount "119"]
[EventDate "2008.10.29"]

1. e4 c5 2. c3 d5 3. exd5 Qxd5 4. d4 Nf6 5. Nf3 e6 6. Bd3 Be7 7. O-O O-O 8. Be3
Qh5 9. Nbd2 cxd4 10. cxd4 Nc6 11. Rc1 Nb4 12. Bb1 Nbd5 13. Nc4 Bd7 14. Qb3 Bc6
15. Nce5 Nxe3 16. fxe3 Bd5 17. Qd1 Bd6 18. Qe1 Ne4 19. Nc4 Bb8 20. Ncd2 Nxd2
21. Qxd2 f5 22. a3 Bd6 23. Bd3 Rac8 24. Qe2 a6 25. Rxc8 Rxc8 26. e4 fxe4 27.
Bxe4 Bxh2+ 28. Kf2 Rf8 29. Bxd5 exd5 30. Qe6+ Kh8 31. Qh3 Qxh3 32. gxh3 Bc7 33.
Rg1 Bb6 34. Ke3 Re8+ 35. Kd3 h6 36. Ne5 Rxe5 37. Rg6 Rg5 38. Rxb6 Rg3+ 39. Kc2
Rxh3 40. Rxb7 Rg3 41. Rb6 h5 42. Rxa6 Rg2+ 43. Kc3 Rg1 44. Re6 h4 45. b4 Rc1+
46. Kb2 Rc4 47. b5 g5 48. Rg6 Rxd4 49. Rxg5 Re4 50. Rxd5 Kg7 51. Kb3 Kg6 52. a4
h3 53. Rd1 h2 54. Rh1 Rh4 55. b6 Kf6 56. a5 Rh5 57. Kb4 Rh4+ 58. Kb5 Ke6 59. b7
Rh3 60. Ka6 1-0

[Event "LIII C.to Torinese Assoluto"]
[Site "Torino ITA"]
[Date "2008.10.31"]
[Round "3"]
[White "Gallucci, Alessio"]
[Black "Fassio, Luca"]
[WhiteElo "2197"]
[BlackElo "2081"]
[Result "1-0"]
[PlyCount "83"]
[EventDate "2008.10.29"]

1. e4 g6 2. d4 Bg7 3. Nc3 d6 4. f4 c6 5. Nf3 Bg4 6. Be3 Nd7 7. h3 Bxf3 8. Qxf3
e5 9. O-O-O Qe7 10. Kb1 exd4 11. Bxd4 Bxd4 12. Rxd4 O-O-O 13. Bc4 Ngf6 14. Rhd1
Nc5 15. b4 Ne6 16. Bxe6+ fxe6 17. e5 dxe5 18. fxe5 Nd5 19. Ne4 Rhf8 20. Qb3 Kb8
21. Qd3 Kc7 22. Qa3 Kb8 23. Qd3 Kc7 24. Qb3 Rf4 25. R1d3 Rff8 26. a3 Nf4 27.
Rxd8 Rxd8 28. Rd6 Nxg2 29. Rxe6 Qh4 30. Nd6 Nf4 31. Rf6 Nd5 32. Rf7+ Rd7 33.
Nb5+ Kd8 34. Rf8+ Ke7 35. Qf3 Nf4 36. Rxf4 Qe1+ 37. Ka2 cxb5 38. Rf7+ Kd8 39.
Qf6+ Kc7 40. e6 Rxf7 41. exf7 Qc1 42. Qc3+ 1-0

[Event "LIII C.to Torinese Assoluto"]
[Site "Torino ITA"]
[Date "2008.10.31"]
[Round "3"]
[White "Giacometto, Mario"]
[Black "Pepino, Enrico"]
[WhiteElo "1962"]
[BlackElo "2145"]
[Result "0-1"]
[PlyCount "102"]
[EventDate "2008.10.29"]

1. e4 c5 2. Nf3 d6 3. d4 cxd4 4. Nxd4 Nf6 5. Nc3 g6 6. Be3 Bg7 7. f3 O-O 8. Bc4
Nc6 9. Qd2 Nd7 10. Bb3 Nb6 11. Nd5 Bd7 12. Nxb6 axb6 13. c3 Na5 14. O-O b5 15.
Bh6 Bxh6 16. Qxh6 b4 17. f4 Nxb3 18. axb3 Rxa1 19. Rxa1 bxc3 20. bxc3 Qc7 21.
Rc1 Ra8 22. f5 Qc5 23. b4 Qe5 24. Re1 Ra3 25. Re3 Ra1+ 26. Kf2 Ra2+ 27. Kg1 Bc6
28. Nf3 Ra1+ 29. Kf2 Ra2+ 30. Kg1 Qf6 31. g4 Qg7 32. Qxg7+ Kxg7 33. fxg6 hxg6
34. h4 e6 35. g5 Kf8 36. Nd4 e5 37. Ne2 Ke7 38. Ng3 Rc2 39. h5 gxh5 40. Nxh5
Ke6 41. Ng7+ Ke7 42. Nf5+ Ke6 43. Ng7+ Kd7 44. Nf5 Rd2 45. Nh6 Ke6 46. Nf5 Bxe4
47. Ng7+ Kd5 48. Ne8 Bg6 49. Nf6+ Ke6 50. Rf3 Rd3 51. Rxd3 Bxd3 0-1

[Event "LIII C.to Torinese Assoluto"]
[Site "Torino ITA"]
[Date "2008.11.01"]
[Round "5"]
[White "Fassio, Luca"]
[Black "Faraoni, Enrico"]
[WhiteElo "2081"]
[BlackElo "2117"]
[Result "0-1"]
[PlyCount "68"]
[EventDate "2008.10.29"]

1. e4 g5 2. d4 h6 3. h4 g4 4. Qxg4 d5 5. Qe2 dxe4 6. Qxe4 Nf6 7. Qd3 Nc6 8. Be3
Rg8 9. Nc3 a6 10. Nge2 Nb4 11. Qd2 Bf5 12. Rc1 Ng4 13. Nd1 e5 14. a3 Nd5 15. c4
Ndf6 16. Ng3 Bh7 17. dxe5 Nxe5 18. Nc3 Qe7 19. Nd5 Nxd5 20. cxd5 Rxg3 21. fxg3
Ng4 22. Rc3 Bg7 23. Rb3 Be5 24. Be2 Bxg3+ 25. Kd1 Qe4 26. Bf3 Qa4 27. Bxg4
Qxb3+ 28. Ke2 Qc4+ 29. Kf3 Be5 30. Bh3 Qe4+ 31. Ke2 f5 32. Qb4 Qc2+ 33. Kf3 Rd8
34. Rc1 Qd3 0-1

[Event "LIII C.to Torinese Assoluto"]
[Site "Torino ITA"]
[Date "2008.11.02"]
[Round "6"]
[White "Finocchiaro, Gianluca"]
[Black "Gallucci, Alessio"]
[WhiteElo "2026"]
[BlackElo "2197"]
[Result "1-0"]
[PlyCount "89"]
[EventDate "2008.10.29"]

1. e4 c5 2. d4 cxd4 3. c3 dxc3 4. Nxc3 Nc6 5. Nf3 e6 6. Bc4 Bb4 7. Bd2 Nge7 8.
Nb5 d5 9. Bxb4 Nxb4 10. a3 Na6 11. exd5 exd5 12. Ba2 O-O 13. O-O Bd7 14. Nbd4
Nc5 15. Rc1 Ne4 16. Ne5 Rc8 17. Qd3 Bc6 18. b4 Qd6 19. Nexc6 bxc6 20. f3 Nf6
21. Rfe1 Rfe8 22. Bb1 g6 23. Qa6 Rc7 24. Nb5 Qd7 25. Nxc7 Qxc7 26. b5 Rb8 27.
bxc6 Rb6 28. Qe2 Nxc6 29. Bd3 Qd6 30. a4 Kg7 31. Bb5 Nd4 32. Qe7 Qf4 33. Rc8
Kh6 34. Qxf7 Nf5 35. Qf8+ Kg5 36. Qc5 h5 37. Rc7 d4 38. Rxa7 Rd6 39. Bd3 Rd5
40. Qb4 Ne3 41. Rg7 Nf5 42. a5 Nxg7 43. a6 Qc7 44. Qd2+ Qf4 45. h4+ 1-0

[Event "LIII C.to Torinese Assoluto"]
[Site "Torino ITA"]
[Date "2008.11.02"]
[Round "7"]
[White "Faraoni, Enrico"]
[Black "Nardelli, Marco"]
[WhiteElo "2117"]
[BlackElo "2132"]
[Result "1-0"]
[PlyCount "107"]
[EventDate "2008.10.29"]

1. f4 c5 2. Nf3 Nc6 3. d3 g6 4. e4 Bg7 5. Be2 e6 6. O-O Nge7 7. c3 d5 8. Na3
O-O 9. Qe1 f5 10. e5 a6 11. Nc2 Bd7 12. Be3 b6 13. Bf2 Bh6 14. Qd2 Qc7 15. Bh4
Rf7 16. Bxe7 Rxe7 17. d4 Bf8 18. Kf2 Rg7 19. h4 h5 20. Rh1 Na5 21. Ne3 c4 22.
Rh3 b5 23. Ng5 Rb8 24. Bf3 Qc6 25. Nc2 Qb6 26. Ne3 Qc6 27. Nc2 Qb7 28. Rhh1 b4
29. cxb4 Bxb4 30. Qe2 Be7 31. Rab1 Bxg5 32. hxg5 Be8 33. Ne3 Qa7 34. Rhd1 Rd7
35. Qd2 Nc6 36. Nxc4 Nxd4 37. Qxd4 Qxd4+ 38. Rxd4 dxc4 39. Rxc4 Rd2+ 40. Ke3
Rdxb2 41. Rxb2 Rxb2 42. Rc8 Kf7 43. Rc7+ Kf8 44. Rc8 Ke7 45. Ra8 Rxa2 46. Ra7+
Kf8 47. Ra8 Ra3+ 48. Kd4 Ra4+ 49. Kc5 Ke7 50. Ra7+ Kf8 51. Ra8 Ke7 52. Ra7+ Kf8
53. Ra8 Ke7 54. Rxe8+ 1-0